Statistics for Taylor Swift Songs

Click here to take the quiz!

General Stats

  • This quiz has been taken 669 times
  • The average score is 38 of 79

Answer Stats

AlbumAnswer% Correct
RedRed
89%
Fearless (Platinum Edition)Fearless
87%
Fearless (Platinum Edition)Love Story
84%
Speak Now (Deluxe Edition)Speak Now
81%
Speak Now (Deluxe Edition)Ours
75%
Red22
74%
Taylor SwiftTim McGraw
73%
Taylor SwiftTeardrops on my Guitar
73%
RedI Knew You Were Trouble
73%
Fearless (Platinum Edition)You Belong With Me
73%
Speak Now (Deluxe Edition)Mine
72%
Speak Now (Deluxe Edition)Mean
70%
Taylor SwiftOur Song
69%
RedWe Are Never Ever Getting Back Together
69%
Fearless (Platinum Edition)Fifteen
67%
Speak Now (Deluxe Edition)Back to December
66%
Hunger Games (Songs from District 12)Safe and Sound
66%
Fearless (Platinum Edition)White Horse
65%
Speak Now (Deluxe Edition)Sparks Fly
62%
Taylor SwiftPicture to Burn
62%
Speak Now (Deluxe Edition)Dear John
60%
Speak Now (Deluxe Edition)Enchanted
56%
Fearless (Platinum Edition)Hey Stephen
56%
RedBegin Again
56%
RedAll Too Well
55%
Fearless (Platinum Edition)Forever and Always
54%
RedEverything Has Changed
54%
Speak Now (Deluxe Edition)Haunted
54%
RedStay Stay Stay
53%
RedState of Grace
52%
Speak Now (Deluxe Edition)Long Live
51%
Speak Now (Deluxe Edition)The Story of Us
51%
RonanRonan
50%
Hunger Games (Songs from District 12)Eyes Open
50%
Speak Now (Deluxe Edition)Better than Revenge
50%
RedThe Last Time
49%
Taylor SwiftMary's Song
49%
RedStarlight
48%
RedTreacherous
48%
Taylor SwiftShould've Said No
48%
RedHoly Ground
47%
Speak Now (Deluxe Edition)Last Kiss
47%
Fearless (Platinum Edition)Change
47%
Fearless (Platinum Edition)You're Not Sorry
45%
Speak Now (Deluxe Edition)Never Grow Up
45%
Speak Now (Deluxe Edition)Innocent
44%
Fearless (Platinum Edition)The Best Day
43%
RedThe Lucky One
43%
RedI Almost Do
43%
Speak Now (Deluxe Edition)Superman
40%
Taylor SwiftStay Beautiful
40%
Taylor SwiftCold as You
40%
Taylor SwiftTied Together with a Smile
38%
Fearless (Platinum Edition)The Way I Loved You
38%
Beautiful EyesBeautiful Eyes
38%
Taylor SwiftThe Outside
37%
Fearless (Platinum Edition)Jump then Fall
37%
Taylor SwiftA Place in this World
37%
Fearless (Platinum Edition)Tell Me Why
37%
RedSad Beautiful Tragic
36%
Taylor SwiftInvisible
36%
Taylor SwiftI'm Only Me When I'm With You
35%
Speak Now (Deluxe Edition)If this was a Movie
33%
Fearless (Platinum Edition)Superstar
30%
Fearless (Platinum Edition)The Other Side of the Door
30%
Sounds of the SeasonLast Christmas
29%
Fearless (Platinum Edition)Untouchable
28%
Sounds of the SeasonSanta Baby
27%
Fearless (Platinum Edition)Come in with the Rain
27%
Taylor SwiftA Perfectly Good Heart
25%
Sounds of the SeasonWhite Christmas
23%
Speak Now World TourDrops of Jupiter
21%
Sounds of the SeasonSilent Night
20%
Beautiful EyesI Heart ?
20%
Sounds of the SeasonChristmases when You were Mine
18%
Sounds of the SeasonChristmas must be Something More
14%
Speak Now World TourBette Davis Eyes
13%
Speak Now World TourI Want You Back
11%
Fearless (Platinum Edition)Breathe
10%

Score Distribution

Percentile by Number Answered

Percent of People with Each Score

Your Score History

You have not taken this quiz